Poesía popular del Norte de Santander. (Registro nro. 324305)

Detalles MARC
000 -ENCABEZADO
Número de control [NR] 01649nam a22002417a 4500
005 - FECHA Y HORA DE LA ÚLTIMA TRANSACCIÓN
control field 20240605111319.0
008 - DE LONGITUD FIJA DE DATOS DE ELEMENTOS - INFORMACIÓN GENERAL
Elementos de longitud fija [NR] 240605s1940 ck ||||fr|||| 00| p spa d
040 ## - FUENTE DE CATALOGACION [NR]
Quien Cataloga Sandra Yazo
Quien Clasifica Sandra Yazo
041 0# - CODIGO DE IDIOMA [R]
Código de idioma para texto/pista de sonido o título separado [R] Español
082 04 - NUMERO DE CLASIFICACION DECIMAL DEWEY [R]
Número de la edición [NR] 20
Número de clasificación [R] 861
092 ## - SIGNATURA TOPOGRAFICA LOCAL
Número de clasificación local E53N071
100 1# - ASIENTO PRINCIPAL--NOMBRE PERSONAL [NR]
Nombre personal [NR] Eloy, U. Miguel
ID Autoridad 181194
245 10 - MENCION DE TITULO [NR]
Título [NR] Poesía popular del Norte de Santander.
Parte restante del título [NR] Coplas y ensaladillas coleccionadas
Mención de responsabilidad, etc. [NR] por Los Hermanos U. Miguel y Rodulfo Eloy
260 ## - PUBLICACION, DISTRIBUCION, ETC. (PIE DE IMPRENTA) [R]
Lugar de publicación, distribución, etc. [R] Cúcuta (norte de Santander)
Nombre del editor, distribuidor, etc. [R] Imprenta Departamental
Fecha de publicación, distribución, etc. [R] 1940
300 ## - DESCRIPCION FISICA [R]
Extensión [R] xvii, 290 páginas.
Dimensiones [R] 22 x 16 cm.
500 ## - NOTA GENERAL [R]
Nota general [NR] Detalles físicos: Encuadernación en rústica: tapas de cartulina azul, la delantera, impresa en negro, con datos de la obra. Hoja de cortesía. Portada impresa en una sola tinta. Texto en una sola columna, con diferentes tipos y tamaños de letras. Ejemplar cosido con ganchos. Fe de erratas. Remates decorativos. Tapa delantera con rotura. Papel del lomo, desgarrado. Última página y tapa posterior casi desprendida.
505 0# - NOTA DE CONTENIDO CON FORMATO PREESTABLECIDO [R]
Nota de contenido con formato preestablecido [NR] Notas preliminares ; PARTE 1 – 3: Retratos y Canciones ; El din de una jornada ; Entre semana ; Mañana me voy ; El campesino también goza ; En contacto con la naturaleza ; Picanza ; En tono festivo -- Formas paralelas ; Paralelismo ; Concatenación ; Triste está mi corazón ; La filosofía popular y las coplas ; A Través de la copla -- El espejo en que me miro ; Una vez que me miraste ; Me gusta el nombre de Rosa
506 ## - NOTA DE RESTRICCIONES DE ACCESO [R]
Condiciones de acceso [NR] Consulta en sala
650 #7 - ASIENTO SECUNDARIO DE MATERIA - TERMINO TEMATICO [R]
9 (RLIN) 21792
Término temático o nombre geográfico como elemento de entrada [NR] Poesía colombiana
Subdivisión geográfica [R] Santander
690 ## - ASUNTO AGREGADO LOCAL DE ENTRADA - TÉRMINO TEMÁTICO (OCLC, RLIN)
Acceso temático local Literatura colombiana
9 (RLIN) 18629
700 1# - ASIENTO SECUNDARIO - NOMBRE PERSONAL [R]
Nombre personal [NR] Eloy, Rodolfo
9 (RLIN) 181195
942 ## - ELEMENTOS DE ENTRADA AGREGADOS (KOHA)
Sistema de clasificación LOCAL
Tipo de ítem principal el descrito en 300a Libro
Edición 1
Clasificación E53N071
Existencias
Suprimido Perdido Sistema de clasificación Dañado No prestable Tipo de ítem específico Ubicación habitual Ubicación actual Localización Fecha de creación Forma de adquisición Costo Total préstamos Signatura topográfica Código de barras Última vez visto Ejemplar Price effective from Tipo de ítem
    LOCAL     Libro archivo Archivo Histórico Archivo Histórico Archivo histórico 05/06/2024 Donación 0.00   E53N072 L007112 05/06/2024 Ej.1 05/06/2024 Libro